[Event "Wijk op"]
[Site "Wijk aan Zee"]
[Date "1993.??.??"]
[Round "10"]
[White "Gelfand, Boris"]
[Black "Azmaiparashvili, Zurab"]
[Result "0-1"]
[WhiteElo "2690"]
[BlackElo "2655"]

1.d4 d6 2.Nf3 g6 3.c4 Bg7 4.Nc3 e5 5.e4 exd4 6.Nxd4 Ne7 7.h4 O-O 8.h5 c5
9.Nb3 Nbc6 10.hxg6 fxg6 11.Bg5 Qe8 12.Qd2 Nf5 13.O-O-O Nfd4 14.Bh6 Nxb3+
15.axb3 Nd4 16.Kb1 Nxb3 17.Qxd6 Bxh6 18.Rxh6 Bg4 19.f3 Rd8 20.Qxd8 Qxd8 21.Rxd8 Rxd8
22.fxg4 Nd2+ 23.Kc2 Nxf1 24.Nd5 Rf8 25.e5 Kg7 26.Rh3 Re8 27.Rh1 Ng3 28.Re1 h5
29.gxh5 gxh5 30.Kd3 Nf5 31.Nf4 Kh6 32.Ke4 Kg5 33.Nh3+ Kg6 34.Kd5 Rd8+ 35.Kxc5 Rd2
36.e6 b6+ 37.Kc6 Ne7+  0-1

[Event "Wijk op"]
[Site "Wijk aan Zee"]
[Date "1993.??.??"]
[Round "10"]
[White "Gurevich, Mikhail"]
[Black "Van Wely, Loek"]
[Result "1-0"]
[WhiteElo "2610"]
[BlackElo "2560"]

1.d4 Nf6 2.c4 g6 3.Nc3 Bg7 4.e4 d6 5.Be2 O-O 6.Nf3 e5 7.O-O Nc6 8.d5 Ne7
9.Nd2 a5 10.a3 Nd7 11.Rb1 f5 12.b4 Kh8 13.f3 Ng8 14.Qc2 Ngf6 15.Bd3 f4 16.Nb5 b6
17.Bb2 Ne8 18.Be2 h5 19.c5 bxc5 20.bxc5 Nxc5 21.a4 Rf7 22.Rfc1 g5 23.Ba3 Bf8
24.Bxc5 dxc5 25.Nb3 g4 26.Nxc5 Rg7 27.Ne6 Bxe6 28.dxe6 Nd6 29.Rd1 Qc8 30.Qc3 Qxe6
31.Nxc7 Qc8 32.Rbc1 Ra7 33.Nd5 Qxc3 34.Rxc3 Rab7 35.Nf6 Rgc7 36.Rxc7 Rxc7
37.fxg4 hxg4 38.Bxg4 Rc4 39.Nd7 Nxe4 40.Nxf8 Kg7 41.Nd7  1-0

[Event "Wijk op"]
[Site "Wijk aan Zee"]
[Date "1993.??.??"]
[Round "10"]
[White "Schmittdiel, Eckhard"]
[Black "Van der Werf, Mark"]
[Result "1/2-1/2"]
[WhiteElo "2450"]
[BlackElo "2395"]

1.e4 d5 2.exd5 Qxd5 3.Nc3 Qa5 4.d4 c6 5.Bc4 Bf5 6.Nf3 Nf6 7.Bd2 e6 8.Nd5 Qd8
9.Nxf6+ Qxf6 10.Ne5 Nd7 11.Qe2 Nxe5 12.dxe5 Qg6 13.f3 h5  1/2-1/2

[Event "Wijk op"]
[Site "Wijk aan Zee"]
[Date "1993.??.??"]
[Round "10"]
[White "Van der Wiel, John TH"]
[Black "Hansen, Curt"]
[Result "1/2-1/2"]
[WhiteElo "2555"]
[BlackElo "2610"]

1.e4 d5 2.exd5 Qxd5 3.Nc3 Qa5 4.d4 Nf6 5.Nf3 Bf5 6.Bc4 e6 7.Bd2 c6 8.Qe2 Bb4
9.Ne5 Nbd7 10.Nxd7 Nxd7 11.a3 O-O 12.O-O-O Bxc3 13.Bxc3 Qc7 14.Bd3 Nf6 15.Bxf5 Qf4+
16.Kb1 exf5 17.Bd2 Qe4 18.Qxe4 fxe4 19.Rhe1 Rfe8 20.Re2 b5 21.Rde1 Rad8 22.c3 Re6
23.Bg5 h6 24.Bxf6 Rxf6 25.Rxe4 Rxf2 26.R1e2  1/2-1/2

[Event "Wijk op"]
[Site "Wijk aan Zee"]
[Date "1993.??.??"]
[Round "10"]
[White "Van der Sterren, Paul"]
[Black "De Boer, Gert Jan"]
[Result "1-0"]
[WhiteElo "2490"]
[BlackElo "2430"]

1.d4 Nf6 2.c4 g6 3.Nc3 d5 4.Nf3 Bg7 5.Qb3 dxc4 6.Qxc4 O-O 7.e4 a6 8.Be2 b5
9.Qb3 c5 10.dxc5 Bb7 11.O-O Nxe4 12.Nxe4 Bxe4 13.a4 Bd5 14.Qe3 Nc6 15.axb5 axb5
16.Rxa8 Qxa8 17.Bxb5 Rb8 18.Bxc6 Bxc6 19.Qxe7 Bxf3 20.gxf3 Qxf3 21.Qd7 Be5
22.h3 Bf6 23.b4 h5 24.Re1 Rxb4 25.Re8+ Kg7 26.Qd2 Bc3 27.Qh6+ Kf6 28.Qg5+ Kg7
29.Qh6+ Kf6 30.Re3 Qd1+ 31.Kg2 Qd5+ 32.Rf3+ Ke7 33.c6 Rb3 34.Qe3+ Kd6 35.Qe8 Kc5
36.Be3+ Kc4 37.c7  1-0

[Event "Wijk op"]
[Site "Wijk aan Zee"]
[Date "1993.??.??"]
[Round "11"]
[White "Schwartzman, Gabriel"]
[Black "Schmittdiel, Eckhard"]
[Result "1/2-1/2"]
[WhiteElo "2455"]
[BlackElo "2450"]

1.Nf3 c5 2.c4 Nc6 3.g3 Nf6 4.Bg2 e6 5.O-O Be7 6.b3 O-O 7.Bb2 a6 8.e3 b5 9.Ne5 Bb7
10.Nxc6 Bxc6 11.Bxc6 dxc6 12.Qe2 Qd6 13.Rd1 e5 14.d3 Qe6 15.Nd2 Rfd8 16.Nf3 e4
17.Ng5 exd3 18.Nxe6 dxe2 19.Rxd8+ Bxd8 20.Nf4 bxc4 21.bxc4 Rb8 22.Ba3 Ba5
23.Nxe2 Ne4 24.Rd1 f6 25.Kg2 Bb4 26.Bc1 Bd2 27.Bxd2 Rd8 28.Nd4 cxd4 29.Ba5 Rb8
30.Rxd4 f5 31.Rd8+ Rxd8 32.Bxd8 Kf7 33.f3 Nc3 34.a3 Nb1 35.a4 Nd2 36.c5 Ke6
37.Kf2 Nb3 38.Bb6 Kd5 39.Ke2 Kc4 40.g4 g6 41.h3 h5 42.e4 fxg4 43.fxg4 hxg4
44.hxg4 Kd4 45.Kf3 Nd2+ 46.Kf4 Nxe4 47.a5 Kd5 48.Ba7 Nf6 49.Kg5 Ke6 50.Bb6 Kf7
51.Kf4 Nd7 52.Kg5 Nf8 53.Kf4 Kf6 54.Bd8+ Ke6 55.Bb6 Nd7 56.Kg5 Kf7 57.Kf4  1/2-1/2

[Event "Wijk op"]
[Site "Wijk aan Zee"]
[Date "1993.??.??"]
[Round "11"]
[White "Van Wely, Loek"]
[Black "Reinderman, Dimitri"]
[Result "1/2-1/2"]
[WhiteElo "2560"]
[BlackElo "2415"]

1.Nf3 d6 2.d4 g6 3.e4 Nf6 4.Bd3 Bg7 5.O-O O-O 6.c3 Nc6 7.Bg5 h6 8.Bh4 Qe8
9.Nbd2 Nh5 10.Re1 e5 11.dxe5 dxe5 12.Nc4 Kh8 13.b4 Nf4 14.Bf1 f6 15.Qc2 Be6
16.Ne3 Qf7 17.Bg3 Ne7 18.c4 Nh5 19.c5 Nc6 20.b5 Nd4 21.Nxd4 exd4 22.Nd5 Bxd5
23.exd5 f5 24.Be5 Qxd5 25.Bxc7 Rac8 26.b6 axb6 27.cxb6 d3 28.Qxd3 Qxd3 29.Bxd3 Bxa1
30.Rxa1 Nf6 31.a4 Nd5 32.Be5+ Kh7 33.a5 Rcd8 34.Bc4 g5 35.g3 Rfe8 36.Bb2 Kg6
37.Kg2 h5 38.Rc1 Ne3+ 39.Kg1 Nxc4 40.Rxc4 Rc8 41.Rb4 Rc5 42.Rd4 Rxa5 43.Rd6+ Kf7
44.Rf6+ Ke7 45.Rh6 Kd7 46.Rxh5 Ra2 47.Bd4 Re4 48.Bf6 Ree2 49.Bd4 Re4 50.Bf6 Ree2
51.Bd4 Kc6 52.Kf1 Re4 53.Bf6 Ree2 54.Bd4 Re4 55.Bf6 f4 56.Rxg5 f3 57.Rf5 Ra3
58.h4 Rd3 59.Kg1 Re1+ 60.Kh2 Rf1 61.Kh3 Rxf2 62.Kg4 Rf1 63.h5 f2 64.h6 Rh1
65.Rxf2 Rxh6 66.Kg5 Rh1 67.g4 Rg1 68.Rf4 Rgd1 69.Kg6 Kxb6 70.g5 Kc6 71.Rc4+ Kb5
72.Rc7 b6 73.Kf7 Rf1 74.Rc2 Rg3 75.Ke6 Rb1 76.Kf7 Rf1 77.Ke6 Ka6 78.Ra2+ Kb7
79.Rb2 Rg4 80.Ke5 Rfg1 81.Kf5 Rc4 82.Kg6 Rc5 83.Kh6 Rc6 84.Kg7 Rf1 85.Kg6 Ka6
86.Ra2+ Kb5 87.Kg7 Kb4 88.Rb2+ Ka3 89.Rb5 Ka4 90.Rb2 b5 91.Ra2+ Kb3 92.Rb2+ Kc4
93.Rc2+ Kd5 94.Rxc6 Kxc6 95.Kf7 Rg1 96.g6 b4 97.g7 b3 98.g8=Q Rxg8 99.Kxg8 b2
100.Bxb2  1/2-1/2

[Event "Wijk op"]
[Site "Wijk aan Zee"]
[Date "1993.??.??"]
[Round "11"]
[White "Van der Werf, Mark"]
[Black "Cifuentes Parada, Roberto"]
[Result "1/2-1/2"]
[WhiteElo "2395"]
[BlackElo "2480"]

1.e4 e5 2.Nf3 d6 3.d4 Nf6 4.dxe5 Nxe4 5.Qd5 Nc5 6.Bg5 Qd7 7.exd6 Bxd6 8.Nc3 O-O
9.O-O-O a6 10.Be3 Qc6 11.Qh5 Nbd7 12.Bd4 Bf4+ 13.Kb1 Qh6 14.Qxh6 Bxh6 15.Nd5 Ne6
16.Ne7+ Kh8 17.Nxc8 Raxc8 18.Bc4  1/2-1/2

[Event "Wijk op"]
[Site "Wijk aan Zee"]
[Date "1993.??.??"]
[Round "11"]
[White "De Boer, Gert Jan"]
[Black "Rotstein, Arkadij"]
[Result "1-0"]
[WhiteElo "2430"]
[BlackElo "2465"]

1.d4 f5 2.g3 Nf6 3.Bg2 e6 4.c4 Be7 5.Nf3 O-O 6.O-O d6 7.Nc3 Qe8 8.b3 Qh5
9.Ba3 Rf7 10.e3 Nbd7 11.Ne1 Qh6 12.Nd3 c6 13.d5 cxd5 14.cxd5 e5 15.Nb5 g5
16.Rc1 e4 17.Nb2 Ne5 18.Nc4 Nfg4 19.h3 f4 20.Ncxd6 Nf3+ 21.Bxf3 exf3 22.Rxc8+ Rxc8
23.hxg4 fxg3 24.fxg3 Qh3 25.Rxf3 Rc2 26.Qxc2 Rxf3 27.Qc8+ Kg7 28.Bb2+ Kh6
29.Nf5+ Rxf5 30.Qxf5 Qxg3+ 31.Kf1 Qh3+ 32.Ke2 Qg2+ 33.Qf2 Qxg4+ 34.Qf3 Qg1
35.Nd4 g4 36.Qf2 Qb1 37.Nf5+ Kh5 38.Qh2+  1-0

[Event "Wijk op"]
[Site "Wijk aan Zee"]
[Date "1993.??.??"]
[Round "11"]
[White "Lobron, Eric"]
[Black "Hodgson, Julian M"]
[Result "1-0"]
[WhiteElo "2620"]
[BlackElo "2565"]

1.Nf3 d5 2.d4 c6 3.c4 Nf6 4.Nc3 a6 5.cxd5 cxd5 6.Bg5 Nc6 7.e3 Bg4 8.Be2 Bxf3
9.Bxf3 e6 10.O-O Be7 11.Rc1 O-O 12.Na4 Nd7 13.Bxe7 Qxe7 14.Qb3 Rab8 15.Rc2 Rfc8
16.Rfc1 Qd8 17.Be2 Ne7 18.Qb4 Nc6 19.Qa3 Qa5 20.b4 Qc7 21.h3 Qd6 22.Qb2 b5
23.Nc5 Nxc5 24.Rxc5 Na7 25.Bd3 g6 26.R1c3 Rxc5 27.Rxc5 Nc8 28.Qa3 Ne7 29.Qc3 Rb7
30.Qc2 Rb6 31.a3 Nc6 32.Qc3 Kf8 33.Bc2 h5 34.h4 Ne7 35.g3 Rc6 36.e4 dxe4
37.Bxe4 Rb6 38.d5 e5 39.Qc1 Kg7 40.Qc3 f5 41.Bc2 Qf6 42.Rc7 Rd6 43.f4 Rxd5
44.Bb3 Qb6+ 45.Kf1  1-0

[Event "Wijk op"]
[Site "Wijk aan Zee"]
[Date "1993.??.??"]
[Round "11"]
[White "Wolff, Patrick G"]
[Black "Lputian, Smbat G"]
[Result "0-1"]
[WhiteElo "2580"]
[BlackElo "2610"]

1.e4 e6 2.d4 d5 3.Nd2 Nf6 4.e5 Nfd7 5.c3 c5 6.Bd3 b6 7.Ne2 Ba6 8.Bxa6 Nxa6
9.O-O Nc7 10.Nf4 Be7 11.Nf3 O-O 12.Re1 a5 13.Re3 a4 14.a3 f6 15.exf6 Rxf6
16.Re1 Bd6 17.Nd3 Rf5 18.g3 c4 19.Bf4 Bxf4 20.Nxf4 Qf6 21.Re3 Rf8 22.Kg2 Rxf4
23.gxf4 Qxf4 24.Qe2 Rf6 25.Rg1 Rh6 26.Kf1 Nf6 27.Rxe6 Nxe6 28.Qxe6+ Kf8 29.Ne5 Qxf2+
30.Kxf2 Ne4+ 31.Kg2 Rxe6 32.Rf1+ Ke8 33.Re1 Kd8 34.Re2 Kc7 35.Re3 Rf6 36.Re2 b5
37.Kg1 Kd6 38.Rg2 g5 39.Re2 h5 40.Kg2 g4 41.Kg1 Ng5 42.Rd2 Rf3 43.Rc2 Nh3+
44.Kg2 Nf4+ 45.Kg1 Re3 46.Kf2 Rh3 47.Kg1 Ke6 48.Rf2 Kf5 49.Nf7 g3 50.hxg3 Rxg3+
51.Kh2 Rh3+ 52.Kg1 Re3 53.Kf1 h4 54.Nd6+ Kg4 55.Nf7 h3 56.Nh6+ Kg5 57.Nf7+ Kf5
58.Nh6+ Ke4 59.Nf7 Ng2 60.Ng5+ Kd3 61.Nxh3 Rg3 62.Rxg2 Rxh3 63.Kg1 Rf3 64.Rh2 b4
65.cxb4 Kxd4 66.Rd2+ Ke4 67.Rf2 Rb3 68.Kf1 d4 69.Ke1 c3 70.bxc3 Rb1+ 71.Kd2 Rb2+
72.Ke1 dxc3  0-1

[Event "Wijk op"]
[Site "Wijk aan Zee"]
[Date "1993.??.??"]
[Round "12"]
[White "Cifuentes Parada, Roberto"]
[Black "Schmittdiel, Eckhard"]
[Result "1-0"]
[WhiteElo "2480"]
[BlackElo "2450"]

1.d4 e6 2.Nf3 Nf6 3.c4 c5 4.Nc3 cxd4 5.Nxd4 Nc6 6.g3 Qb6 7.Nb3 d6 8.e4 Be7
9.Be3 Qc7 10.Rc1 Qb8 11.Bg2 O-O 12.O-O Rd8 13.Qe2 b6 14.f4 Bb7 15.Rfd1 Nd7
16.Kh1 Nc5 17.Nd4 Nxd4 18.Bxd4 a5 19.b3 Bc6 20.Nd5 Bf8 21.Nf6+ Kh8 22.Qh5 gxf6
23.Bxf6+ Bg7 24.Bxd8 Qxd8 25.e5 Bxg2+ 26.Kxg2 Qc7 27.Rxd6 f5 28.Rcd1 Bf8
29.Qf3 Rc8 30.R6d4 Be7 31.a3 Qc6 32.Qxc6 Rxc6 33.b4 axb4 34.axb4 Ne4 35.Rd7 Bxb4
36.Rd8+ Kg7 37.R1d7+ Kh6 38.Rh8  1-0

[Event "Wijk op"]
[Site "Wijk aan Zee"]
[Date "1993.??.??"]
[Round "12"]
[White "Grooten, Herman"]
[Black "Christiansen, Larry Mark"]
[Result "1-0"]
[WhiteElo "2410"]
[BlackElo "2620"]

1.d4 Nf6 2.c4 e6 3.Nf3 Bb4+ 4.Nbd2 b6 5.a3 Bxd2+ 6.Bxd2 h6 7.e3 Bb7 8.Bd3 O-O
9.Qc2 c5 10.dxc5 bxc5 11.b4 d6 12.O-O Nbd7 13.Rad1 Qc7 14.Bc3 cxb4 15.axb4 Rfc8
16.Qb2 Rab8 17.Qa1 e5 18.Nh4 Be4 19.Nf5 Bxf5 20.Bxf5 Qxc4 21.Rc1 Qb5 22.f4 Qb6
23.Rf3 exf4 24.Re1 Rxc3 25.Qxc3 Ne5 26.Rff1 Nc6 27.b5 Ne7 28.Bd3 fxe3 29.Kh1 Ned5
30.Qc6 Qd8 31.Be2 Qe7 32.Bf3 Nf4 33.Qc4 Qe5 34.Bc6 Ne6 35.Qe2 a6 36.bxa6 Nd4
37.a7 Rf8 38.Qa6 Ng4 39.g3 Qh5 40.h4 Nf2+ 41.Kg2 Nf5 42.a8=Q Qg4 43.Qxf8+ Kxf8
44.Qa8+ Ke7 45.Rxe3+  1-0

[Event "Wijk op"]
[Site "Wijk aan Zee"]
[Date "1993.??.??"]
[Round "12"]
[White "Hodgson, Julian M"]
[Black "Van der Wiel, John TH"]
[Result "0-1"]
[WhiteElo "2565"]
[BlackElo "2555"]

1.Nf3 Nf6 2.g3 d5 3.Bg2 c6 4.O-O Bg4 5.d3 Nbd7 6.Nbd2 e6 7.h3 Bh5 8.e4 Qc7
9.Qe2 dxe4 10.dxe4 Ne5 11.Qe3 Nxf3+ 12.Nxf3 Qb6 13.Ne5 Qc5 14.Qxc5 Bxc5 15.Re1 Nd7
16.Nd3 Bb6 17.a4 a5 18.Nf4 Bg6 19.h4 e5 20.Nxg6 fxg6 21.Ra3 Rf8 22.Re2 Nc5
23.Ra1 Ne6 24.Be3 Bxe3 25.Rxe3 Rd8 26.Bf1 Nc5 27.Rc3 b6 28.Rc4 Rd2 29.b4 axb4
30.a5 b3 31.axb6 Rxc2 32.Rxc5 b2 33.Rxe5+ Kd7 34.Rb1 Rfxf2 35.Bh3+ Kd6 36.Re8 Rf7
37.Rd8+ Kc5 38.Rdd1 Kxb6 39.Rf1 Rxf1+ 40.Bxf1 Kc5 41.e5 Kd5 42.e6 Kxe6 43.Bd3 Rd2
44.Re1+ Kd5 45.Be4+ Kd4 46.h5 gxh5 47.Bxh7 c5 48.Re4+ Kc3 49.Re3+ Kc4 50.Re4+ Rd4
51.Re7 g6 52.Bxg6 Rd3 53.Bf7+ Kc3 54.Ba2 Rd1+ 55.Kf2 Ra1  0-1

[Event "Wijk op"]
[Site "Wijk aan Zee"]
[Date "1993.??.??"]
[Round "12"]
[White "Kortschnoj, Viktor"]
[Black "Tukmakov, Vladimir B"]
[Result "1/2-1/2"]
[WhiteElo "2605"]
[BlackElo "2605"]

1.c4 e5 2.Nc3 Nf6 3.Nf3 Nc6 4.g3 d5 5.cxd5 Nxd5 6.Bg2 Nb6 7.O-O Be7 8.a3 O-O
9.b4 Be6 10.Rb1 f6 11.d3 a5 12.b5 Nd4 13.Ne1 c6 14.bxc6 Nxc6 15.Be3 Nd5 16.Nxd5 Bxd5
17.Rxb7 a4 18.Rb5 Bxg2 19.Nxg2 Nd4 20.Bxd4 Qxd4 21.Qc2 Kh8 22.Rb7 Bxa3 23.Ne3 Rfc8
24.Qa2 Bf8 25.Nd5 Rab8 26.Ne7 Bxe7 27.Rxe7 Rb3 28.e3 Qb4 29.Ra7 a3 30.Ra1 Rxd3
31.Rxa3  1/2-1/2

[Event "Wijk op"]
[Site "Wijk aan Zee"]
[Date "1993.??.??"]
[Round "12"]
[White "Nijboer, Friso"]
[Black "Sokolov, Ivan"]
[Result "1-0"]
[WhiteElo "2505"]
[BlackElo "2640"]

1.e4 e5 2.Nf3 Nc6 3.Bb5 a6 4.Ba4 Nf6 5.O-O Be7 6.Re1 b5 7.Bb3 O-O 8.d4 d6
9.c3 Bg4 10.d5 Na5 11.Bc2 c6 12.h3 Bc8 13.dxc6 Qc7 14.Nbd2 Qxc6 15.Nf1 Nb7
16.Ng3 Nc5 17.Nh2 Be6 18.Nf5 Bxf5 19.exf5 e4 20.Be3 d5 21.Bd4 Ncd7 22.Nf1 a5
23.Ne3 a4 24.g4 h6 25.f4 exf3 26.Qxf3 Bc5 27.h4 Rfe8 28.g5 Ne5 29.Qg2 hxg5
30.hxg5 Nfg4 31.Nxg4 Bxd4+ 32.cxd4 Nxg4 33.Bd3 Re3 34.Rxe3 Nxe3 35.Qh3 Re8
36.f6 gxf6 37.Qh6 Ng4 38.Qh7+ Kf8 39.Qh8+ Ke7 40.Re1+ Kd8 41.Rxe8+ Qxe8 42.Qxe8+ Kxe8
43.Bxb5+ Kd8 44.Be2 Ne3 45.gxf6 a3 46.bxa3 Kd7 47.a4 Nc2 48.a5 Nxd4 49.a6 Kc6
50.Bh5 Kb6 51.Bxf7 Nf3+ 52.Kg2 Ne5 53.Bxd5 Kxa6 54.f7 Nd7 55.Be6 Nf8 56.Bf5 Kb6
57.Kg3 Kc5 58.Kf4 Kd6 59.a4  1-0

[Event "Wijk op"]
[Site "Wijk aan Zee"]
[Date "1993.??.??"]
[Round "12"]
[White "Van der Sterren, Paul"]
[Black "Van Wely, Loek"]
[Result "0-1"]
[WhiteElo "2490"]
[BlackElo "2560"]

1.d4 Nf6 2.c4 g6 3.Nc3 Bg7 4.e4 d6 5.Nf3 O-O 6.Be2 e5 7.O-O Nc6 8.Be3 Ng4
9.Bg5 f6 10.Bc1 f5 11.Bg5 Qe8 12.dxe5 dxe5 13.Nd5 Rf7 14.Bd2 Nf6 15.Ng5 Rd7
16.exf5 gxf5 17.f4 e4 18.Bc3 Nxd5 19.cxd5 Nd8 20.Bb5 c6 21.Bc4 cxd5 22.Bxd5+ Kh8
23.Rc1 h6 24.Bxg7+ Rxg7 25.Rc3 Qg6 26.Qd4 Be6 27.Rh3 Kg8 28.Qxg7+ Kxg7 29.Nxe6+ Nxe6
30.Rg3 Ng5 31.fxg5 hxg5 32.Rb3 Rd8 33.Rxb7+ Kh6 34.Bb3 Rd2 35.Rc1 Qd6 36.Rbc7 Qd4+
37.Kh1 g4 38.g3 e3 39.R1c6+ Kg5 40.Re6 Qxb2  0-1